[Event "6th Geller Memorial Open A"]
[Site "Odessa UKR"]
[Date "2010.08.23"]
[Round "3"]
[White "Zakharchenko,A"]
[Black "Fingerov,D"]
[Result "1/2-1/2"]
[WhiteElo "2224"]
[BlackElo "2405"]

1.Nf3 d5 2.c4 c6 3.e3 e6 4.Nc3 f5 5.b3 Nf6 6.Bb2 Bd6 7.Be2 O-O 8.O-O e5 9.cxd5 cxd5
10.Nb5 e4 11.Nfd4 Be7 12.Rc1 Na6 13.f3 Bd7 14.fxe4 Nxe4 15.Nc3 Nb4 16.a3 Nxc3
17.Rxc3 Nc6 18.Rc2 Qa5 19.Qa1 Rf7 20.b4 Qd8 21.Rfc1 Nxd4 22.Bxd4 Bd6 23.Bf3 Ba4
24.Bxd5 Bxc2 25.Bxf7+ Kxf7 26.Qa2+ Kf8 27.Qxc2 g6 28.Qc4 a5 29.Bc5 axb4 30.axb4 Bxc5
31.Qxc5+ Kg8 32.Qc4+ Kh8 33.Qc3+ Kg8 34.h3 Qd6 35.Qc4+ Kh8 36.Qc7 Qd5 37.Rc5 Qe4
38.Re5 Qc6 39.Re7 Qxc7 40.Rxc7 Ra2 41.Rxb7 Rxd2 42.b5 Kg8 43.b6 Rb2 44.Kf1 Kf8
45.Rxh7 Rxb6 46.Kf2  1/2-1/2

[Event "TCh-SRB 1st League"]
[Site "Vrnjacka Banja SRB"]
[Date "2010.08.23"]
[Round "3"]
[White "Djuric,S"]
[Black "Jeremic,V"]
[Result "1/2-1/2"]
[WhiteElo "2424"]
[BlackElo "2509"]

1.Nf3 d5 2.c4 c6 3.e3 Nf6 4.Nc3 g6 5.d4 Bg7 6.Be2 O-O 7.O-O b6 8.Qc2 Bb7
9.e4 dxe4 10.Nxe4 Nbd7 11.Nxf6+ Nxf6 12.Bf4 Nh5 13.Be3 Qc7 14.Rfd1 Rad8 15.c5 Nf4
16.Bf1 Nd5 17.Bd2 Bc8 18.Ne5 Bf5 19.Qc1 Bxe5 20.dxe5 Qxe5 21.Bh6 Rfe8 22.cxb6 axb6
23.Qxc6 Qxb2 24.Rac1 Nf6 25.Rxd8 Rxd8 26.Qc7 Re8 27.h3 Nd5 28.Qc6 Nf6 29.Qc7 Nd5
30.Qc6 Nf6 31.Qc7 Nd5  1/2-1/2

[Event "6th Geller Memorial Open A"]
[Site "Odessa UKR"]
[Date "2010.08.24"]
[Round "4"]
[White "Reshetkov,K"]
[Black "Shchuka,Fedor"]
[Result "1-0"]
[WhiteElo "2192"]
[BlackElo "1944"]

1.Nf3 d5 2.c4 c6 3.g3 Nf6 4.Bg2 dxc4 5.O-O Be6 6.Na3 Bd5 7.b3 cxb3 8.d3 Bxf3
9.Bxf3 Nbd7 10.Qxb3 Qb6 11.Qc2 Qc5 12.Qb1 Nb6 13.Nc4 Nfd5 14.Ba3 Qb5 15.Qc1 e6
16.Bxf8 Rxf8 17.Nd6+  1-0

[Event "25th Open"]
[Site "Schwarzach AUT"]
[Date "2010.08.24"]
[Round "4"]
[White "Holzmann,H"]
[Black "Fuchs,G"]
[Result "1/2-1/2"]
[WhiteElo "2127"]
[BlackElo "2292"]

1.Nf3 d5 2.c4 c6 3.Qc2 g6 4.cxd5 cxd5 5.Nc3 Nc6 6.d4 Bg7 7.e3 Nf6 8.Bd3 O-O
9.a3 Bg4 10.Ne5 Nxe5 11.dxe5 Nd7 12.f4 Nc5 13.Be2 Bf5 14.Qd1 e6 15.O-O h5
16.b4 Ne4 17.Nxe4 Bxe4 18.Bb2 f6 19.exf6 Bxf6 20.Bxf6 Qxf6 21.Qd4 Qxd4 22.exd4 Rac8
23.Rac1 Rxc1 24.Rxc1 Rxf4 25.g3 Rf7 26.a4 Kg7 27.a5 a6 28.b5 axb5 29.Bxb5 Kf6
30.h3 Bf5 31.Rf1 Ke7 32.g4 hxg4 33.hxg4 Bxg4 34.Rxf7+ Kxf7 35.Bc6 Ke7 36.Bxb7 Kd7
37.Kf2 Kc7 38.Ba6 Bd1 39.Bf1 Bb3 40.Kg3 Bc4 41.Bh3 Kd6 42.Kf4 Bd3 43.Bg4 Bf1
44.Bd1 g5+ 45.Kxg5 e5 46.dxe5+ Kxe5 47.Kg4 d4 48.Kf3 Bd3 49.Kf2 Kd5 50.Ke1 Kc5
51.Kd2 Bc4 52.Be2 Bxe2 53.Kxe2 Kb5  1/2-1/2

[Event "TCh-SRB 1st League"]
[Site "Vrnjacka Banja SRB"]
[Date "2010.08.24"]
[Round "4"]
[White "Rapport,R"]
[Black "Perunovic,Mil"]
[Result "1-0"]
[WhiteElo "2534"]
[BlackElo "2558"]

1.Nf3 d5 2.c4 c6 3.d4 Nf6 4.Nc3 e6 5.Bg5 h6 6.Bxf6 Qxf6 7.a3 dxc4 8.Ne5 b5
9.g3 Bd6 10.Nxb5 Bxe5 11.dxe5 Qxe5 12.Nd6+ Ke7 13.Nxc4 Qd5 14.Qxd5 cxd5 15.Na5 Nd7
16.e3 Nb6 17.b3 Bd7 18.Ba6 Bc8 19.Be2 Bd7 20.Kd2 Rhc8 21.Ba6 Rc5 22.b4 Rc7
23.Rhc1 Rxc1 24.Rxc1 e5 25.Rc5 Bc8 26.Bb5 Bd7 27.Ba6 Bc8 28.Bb7 Bxb7 29.Rc7+ Ke6
30.Rxb7 Nc8 31.Nc6 Nd6 32.Re7+ Kf6 33.Rxa7 Rxa7 34.Nxa7 Nc4+ 35.Kc3 Nxa3
36.b5 Nc4 37.e4 Ke6 38.Nc8 Na5 39.exd5+ Kxd5 40.Kb4 Nb7 41.Ne7+ Ke4 42.Nc6 f6
43.Na5 Nd8 44.Kc5 Kf3 45.Kd6 e4 46.Ke7 Kxf2 47.Kxd8 e3 48.Nb3 e2 49.Nc1  1-0

[Event "Centenary GM"]
[Site "Dun Laoghaire IRL"]
[Date "2010.08.25"]
[Round "5"]
[White "Quinn,M"]
[Black "Collins,S IRL"]
[Result "1-0"]
[WhiteElo "2377"]
[BlackElo "2408"]

1.Nf3 d5 2.c4 e6 3.g3 c5 4.Bg2 Nc6 5.O-O Nf6 6.Na3 Be7 7.d3 O-O 8.Bf4 b6
9.cxd5 exd5 10.e4 Ba6 11.e5 Ne8 12.h4 Nc7 13.Qd2 Nb4 14.Ne1 Ne6 15.h5 f6
16.Nac2 Nxf4 17.gxf4 Qd7 18.Nxb4 cxb4 19.Qe3 fxe5 20.fxe5 Qg4 21.Qh3 Qxh3
22.Bxh3 Bc5 23.Be6+ Kh8 24.Bxd5 Rae8 25.Nf3 Bxd3 26.Ng5 Bxf1 27.Rxf1 Re7
28.Kg2 h6 29.Nf3 Rd7 30.Be4 Rf4 31.Re1 Rc7 32.Kg3 Rf8 33.Re2 Be7 34.Nd4 Rc4
35.Ne6 Re8 36.Nf4 Rc1 37.Ng6+ Kg8 38.Bd5+ Kh7 39.Bf7 Rcc8 40.Bxe8 Rxe8 41.Rd2 a5
42.Rd7 Bc5 43.f4 a4 44.f5 b3 45.f6 Rg8 46.axb3 axb3 47.e6  1-0

[Event "6th Geller Memorial Open A"]
[Site "Odessa UKR"]
[Date "2010.08.26"]
[Round "6"]
[White "Reshetkov,K"]
[Black "Bugaev,Vik"]
[Result "1-0"]
[WhiteElo "2192"]
[BlackElo "2049"]

1.Nf3 d5 2.c4 c6 3.g3 Nf6 4.Bg2 e6 5.O-O Bd6 6.d3 O-O 7.Nc3 Qc7 8.cxd5 exd5
9.e4 dxe4 10.dxe4 Re8 11.Re1 Nbd7 12.Nd4 Bf8 13.f4 Nb6 14.e5 Nfd5 15.Ne4 Bd7
16.Qb3 Rad8 17.Bd2 Nc8 18.Nc3 Nxc3 19.Bxc3 c5 20.Nf3 Be6 21.Qc2 Bd5 22.Ng5 g6
23.Ne4 Bg7 24.Rad1 Bc6 25.h4 b6 26.h5 Rxd1 27.Qxd1 Rd8 28.Qg4 Ne7 29.hxg6 hxg6
30.Qh4 Nf5 31.Nf6+ Kf8 32.Qh7 Ke7 33.e6 Bxg2 34.Ng8+ Kd6 35.Bxg7 Nxg7 36.Qxg7 Bd5
37.e7 Re8 38.Qe5+ Kc6 39.Qxc7+ Kxc7 40.Nf6 Bc6 41.Nxe8+ Bxe8 42.Rd1 Bd7 43.Kf2 b5
44.g4 f6 45.g5 f5 46.Rd5 c4 47.Ke3 a5 48.Kd4 Kc6 49.Ke5 a4 50.a3  1-0

[Event "TCh-ESP CECLUB Honor"]
[Site "Sestao ESP"]
[Date "2010.08.26"]
[Round "4"]
[White "Delchev,A"]
[Black "Cheparinov,I"]
[Result "1/2-1/2"]
[WhiteElo "2632"]
[BlackElo "2661"]

1.Nf3 d5 2.c4 c6 3.e3 Nf6 4.Nc3 g6 5.d4 Bg7 6.Be2 O-O 7.O-O Be6 8.cxd5 cxd5
9.Qb3 Qb6 10.Qxb6 axb6 11.b3 Ne4 12.Na4 Nd7 13.Ba3 Nc3 14.Nxc3 Rxa3 15.Nb5 Raa8
16.Nc7 Rac8 17.Rac1  1/2-1/2

[Event "TCh-ESP CECLUB Honor"]
[Site "Sestao ESP"]
[Date "2010.08.26"]
[Round "4"]
[White "Bernal Moro,L"]
[Black "Rocha,S"]
[Result "1/2-1/2"]
[WhiteElo "2443"]
[BlackElo "2431"]

1.Nf3 d5 2.c4 c6 3.e3 e6 4.d4 f5 5.Be2 Bd6 6.O-O Nf6 7.b3 Qe7 8.Bb2 O-O 9.Qc1 b6
10.Ba3 Bb7 11.Bxd6 Qxd6 12.Qa3  1/2-1/2

[Event "Open"]
[Site "Bratto ITA"]
[Date "2010.08.28"]
[Round "9"]
[White "Collutiis,D"]
[Black "Bruno,Fabi"]
[Result "1-0"]
[WhiteElo "2438"]
[BlackElo "2477"]

1.Nf3 d5 2.c4 e6 3.b3 Nf6 4.Bb2 c5 5.e3 Nc6 6.a3 Be7 7.cxd5 exd5 8.d4 O-O
9.Be2 b6 10.O-O Bb7 11.Nbd2 Re8 12.Qb1 Bd6 13.Bd3 Qe7 14.Rd1 Rad8 15.Nf1 Ne4
16.Ng3 g6 17.dxc5 bxc5 18.Bxe4 dxe4 19.Nd2 Bxg3 20.hxg3 Ne5 21.Qc2 Nd3 22.Nc4 Bd5
23.Qc3 Nxb2 24.Nxb2 Qe6 25.Na4 Bxb3 26.Rxd8 Rxd8 27.Nxc5 Rc8 28.Qb4 a5 29.Nxe6 axb4
30.Nd4 Bc4 31.axb4 Bd3 32.b5 Rc4 33.g4 Rb4 34.Kh2 Kg7 35.Ra7 h6 36.Kg3 Rb2
37.Rc7 Bf1 38.g5 hxg5 39.Ne6+ Kf6 40.Nd8 Rxb5 41.Rxf7+ Ke5 42.Re7+ Kf6 43.Rxe4 Rb6
44.Rd4 Ke7 45.Kg4 Bxg2 46.Kxg5 Bf1 47.Rb4 Ra6 48.Nb7 Bg2 49.Rb5 Ra2 50.f4 Re2
51.Re5+ Kf8 52.Nd6 Bc6 53.Kxg6 Rg2+ 54.Kf6 Rd2 55.Nf5 Be8 56.Nd4 Rd3 57.Re7 Ba4
58.Ra7 Rxe3 59.Rxa4  1-0

[Event "Centenary IM"]
[Site "Dun Laoghaire IRL"]
[Date "2010.08.28"]
[Round "8"]
[White "Moskow,E"]
[Black "Cech,P"]
[Result "0-1"]
[WhiteElo "2193"]
[BlackElo "2410"]

1.Nf3 d5 2.c4 c6 3.cxd5 cxd5 4.d4 Nc6 5.Nc3 Nf6 6.Bf4 Nh5 7.Bd2 Nf6 8.Bf4 Nh5
9.Bd2 Nf6 10.e3 a6 11.Rc1 Bg4 12.Be2 e6 13.O-O Bd6 14.a3 O-O 15.Na4 Ne4 16.Nc5 Bxc5
17.dxc5 e5 18.Bc3 Nxc3 19.Rxc3 Be6 20.Qa4 Qe7 21.Rd1 Rad8 22.Rcc1 f5 23.Bf1 Kh8
24.Qc2 g5 25.b4 g4 26.Nd2 f4 27.b5 axb5 28.Bxb5 g3 29.hxg3 fxe3 30.fxe3 Qg5
31.Nf1 Rf6 32.Rd2 Rdf8 33.Be2 Bf5 34.Bd3 Bg4 35.Be2 Bxe2 36.Rxe2 Qh5 37.Nh2 Rh6
38.Nf3 Rxf3  0-1

[Event "6th Geller Memorial Open A"]
[Site "Odessa UKR"]
[Date "2010.08.28"]
[Round "8"]
[White "Campi,W"]
[Black "Zabgaeva,M"]
[Result "1-0"]
[WhiteElo "1854"]
[BlackElo "1801"]

1.Nf3 d5 2.c4 d4 3.b4 f6 4.e3 dxe3 5.fxe3 e5 6.Qa4+ Bd7 7.Qb3 Nh6 8.Be2 Be7
9.O-O Nf7 10.Nc3 c5 11.b5 Be6 12.Nd5 e4 13.Nh4 Nd6 14.Bh5+ Kd7 15.d4 Bxd5
16.cxd5 cxd4 17.exd4 g6 18.Be2 f5 19.g3 Bxh4 20.gxh4 Qxh4 21.Bf4 Rc8 22.Rac1 Qd8
23.Bxd6 Kxd6 24.Rxc8 Qxc8 25.Qa3+ Kd7 26.Rc1 Qd8 27.d6 Ke8 28.Rc7 Nd7 29.Qc3 Nb6
30.Re7+ Kf8 31.d5 Qxe7 32.dxe7+ Kxe7 33.Qe5+ Kf7 34.d6 Re8 35.Bc4+ Nxc4 36.Qd5+ Re6
37.Qxc4  1-0

[Event "6th Geller Memorial Open A"]
[Site "Odessa UKR"]
[Date "2010.08.28"]
[Round "8"]
[White "Afanasjev,A"]
[Black "Boldysh,Maxim"]
[Result "0-1"]
[WhiteElo "2061"]
[BlackElo "1815"]

1.Nf3 d5 2.c4 c6 3.d4 Nf6 4.Nc3 a6 5.cxd5 cxd5 6.Bf4 e6 7.e3 Be7 8.Bd3 O-O
9.O-O b5 10.Rc1 Bb7 11.Qe2 Nc6 12.Rfd1 Rc8 13.Ne5 Na5 14.g4 Nd7 15.f3 Nxe5
16.Bxe5 Nc4 17.Bg3 Qa5 18.Be1 b4 19.b3 Nxe3 20.Qxe3 bxc3 21.Bxc3 Qxa2 22.Bd2 Rxc1
23.Rxc1 Rc8 24.Rf1 Bc6 25.Bb1 Qa3 26.f4 Bb5 27.Re1 Bd6 28.Qh3 g6 29.f5 Bd7
30.f6 Qb2 31.Qe3 Rb8 32.Bd3 Rxb3 33.Rb1 Qxb1+ 34.Bxb1 Rxe3 35.Bxe3 Kf8 36.h4 e5
37.dxe5 Bxe5 38.Bc5+ Ke8 39.g5 Bf5 40.Bxf5 gxf5 41.Kg2 Kd7 42.Kf3 Ke6 43.h5 a5
44.Bb6 a4 45.Bc5 Bb2  0-1

[Event "Open"]
[Site "Baku AZE"]
[Date "2010.08.29"]
[Round "7"]
[White "Nigalidze,G"]
[Black "Namazov,F"]
[Result "1-0"]
[WhiteElo "2478"]
[BlackElo "2147"]

1.Nf3 d5 2.c4 e6 3.g3 Nf6 4.Bg2 c6 5.b3 Be7 6.Bb2 O-O 7.O-O Nbd7 8.d3 b6
9.Nbd2 Bb7 10.e4 dxe4 11.dxe4 Qc7 12.e5 Ne8 13.Qe2 c5 14.Ne4 Rd8 15.Rad1 Bxe4
16.Qxe4 g6 17.Qe3 Ng7 18.Bh3 Nb8 19.Qh6 Nc6 20.Rd6 Ne8 21.Rfd1 Nxe5 22.Bxe5 Rxd6
23.Rxd6 Bxd6 24.Ng5 f5 25.Bxd6 Nxd6 26.Qxf8+  1-0

[Event "TCh-SRB 1st League"]
[Site "Vrnjacka Banja SRB"]
[Date "2010.08.29"]
[Round "9"]
[White "Halkias,S"]
[Black "Rapport,R"]
[Result "1-0"]
[WhiteElo "2588"]
[BlackElo "2534"]

1.Nf3 d5 2.c4 c6 3.e3 Nf6 4.Nc3 e6 5.b3 Bd6 6.Bb2 O-O 7.Be2 e5 8.cxd5 cxd5
9.Nb5 Nc6 10.Nxd6 Qxd6 11.d4 e4 12.Ne5 Be6 13.O-O Rfc8 14.Rc1 Ne7 15.Qd2 Ne8
16.Qa5 Qb6 17.Qa4 Qd8 18.h3 f6 19.Ng4 Nc6 20.Rc5 f5 21.Nh2 Nf6 22.Bb5 Bd7
23.Rfc1 a6 24.Bxc6 Bxc6 25.Qb4 Nh5 26.Qd2 Qh4 27.Qe2 Rf8 28.a4 Rf6 29.Kh1 Rg6
30.Qf1 f4 31.exf4 Rf8 32.R1c2 Rxf4 33.Qe1 Qg5 34.g3 Rf8 35.Bc1 Qe7 36.R5c3 Bd7
37.Qe2 Nf6 38.g4 h6 39.f4 e3 40.Qxe3 Ne4 41.Nf3 Re6 42.Ne5 Nxc3 43.Rxc3 Bc6
44.Kh2 Qd6 45.Qg3 Qb4 46.Qd3 Ree8 47.f5 Rc8 48.Bd2 Qb6 49.Rc5 Rfe8 50.Bf4 Qd8
51.Qf3 Qh4 52.Bg3 Qg5 53.Bf4 Qh4 54.Bg3 Qg5 55.Rc2 Bxa4 56.Rg2 Bc6 57.Bf4 Qh4
58.g5 hxg5 59.f6 Rxe5 60.Bxe5 Rf8 61.Qf5 Be8 62.Rxg5 g6 63.Rxg6+  1-0

[Event "1st Campomanes Memorial Cup Open"]
[Site "Manila PHI"]
[Date "2010.08.30"]
[Round "4"]
[White "So,W"]
[Black "Nolte,R"]
[Result "1-0"]
[WhiteElo "2674"]
[BlackElo "2425"]

1.Nf3 d5 2.c4 c6 3.d4 Nf6 4.Nc3 e6 5.Bg5 h6 6.Bh4 dxc4 7.e4 g5 8.Bg3 b5 9.Be2 Bb7
10.O-O Nbd7 11.Ne5 h5 12.Nxd7 Qxd7 13.Be5 Rh6 14.Qc1 Ng4 15.Bxg4 hxg4 16.Qxg5 Rg6
17.Qf4 Be7 18.Rfd1 f6 19.Bb8 Qd8 20.Bc7 Qd7 21.Ba5 Kf7 22.e5 Rh8 23.Ne4 f5
24.Nc5 Qc8 25.Bd2 Rh5 26.b3 c3 27.Bxc3 Rgh6 28.Bd2 Bg5 29.Qxg5 Rxg5 30.Bxg5 Rg6
31.Bf4 Rg8 32.a4 b4 33.Rac1 Rd8 34.Be3 a5 35.Nd3 Ba8 36.Rc5 Qa6 37.Rd2 Rd5
38.Rxd5 cxd5 39.Rd1 Bc6 40.h4 gxh3 41.gxh3 Qa8 42.Rc1 Qa6 43.Rd1 Qa8 44.Kh2 Qe8
45.Rc1 Bxa4 46.Rc7+ Kg8 47.bxa4 Qxa4 48.Nc5 Qb5 49.Nd7 Kf7 50.Nf6+ Kg6 51.Kg3 Qf1
52.Ne8 Qg1+ 53.Kh4  1-0

[Event "Open"]
[Site "Baku AZE"]
[Date "2010.08.31"]
[Round "9"]
[White "Abasov,N"]
[Black "Safarli,E"]
[Result "1-0"]
[WhiteElo "2517"]
[BlackElo "2603"]

1.Nf3 d5 2.c4 d4 3.e3 c5 4.exd4 cxd4 5.d3 Nc6 6.g3 e5 7.Bg2 Bd6 8.O-O Nge7
9.Re1 f6 10.a3 a5 11.Nbd2 O-O 12.Rb1 Bg4 13.Ne4 Kh8 14.Qc2 a4 15.b3 axb3
16.Rxb3 Ra7 17.Nxd6 Qxd6 18.Nd2 Qc7 19.Ne4 f5 20.Ng5 f4 21.h3 Bf5 22.Rb5 h6
23.Ne4 Qd7 24.g4 Bh7 25.Qe2 Ng6 26.Nd2 Nh4 27.Rd5 Qf7 28.Nf3 Nxg2 29.Kxg2 Raa8
30.Nd2 e4 31.dxe4 Bxe4+ 32.Qxe4 Rfe8 33.Qf5 Qg8 34.Rxe8 Rxe8 35.Qxf4 Rf8
36.Rf5 Rd8 37.Rf7 Ne5  1-0

[Event "17th IM"]
[Site "Graz AUT"]
[Date "2010.09.02"]
[Round "6"]
[White "Schreiner,Pe"]
[Black "Lendwai,R"]
[Result "1/2-1/2"]
[WhiteElo "2188"]
[BlackElo "2424"]

1.Nf3 d5 2.c4 d4 3.e3 c5 4.exd4 cxd4 5.d3 f6 6.g3 e5 7.Bg2 Bd6 8.O-O Ne7
9.Na3 O-O 10.Nc2 a5 11.b3 Na6 12.a3 Bd7 13.Rb1 Nc5 14.b4 axb4 15.axb4 Na4
16.Bd2 b5 17.cxb5 Nc3 18.Bxc3 dxc3 19.Ne3 Bxb5 20.Qb3+ Kh8 21.Qxc3 Rc8 22.Qb3 Bb8
23.Rfd1 Qd7  1/2-1/2

[Event "7th LGA Premium Cup"]
[Site "Nuremberg GER"]
[Date "2010.09.03"]
[Round "2"]
[White "Suess,H"]
[Black "Dreiseitel,W"]
[Result "1/2-1/2"]
[WhiteElo "1989"]
[BlackElo "1487"]

1.Nf3 d5 2.c4 c6 3.e3 Nf6 4.Nc3 e6 5.b3 Nbd7 6.Bb2 Bd6 7.Qc2 Qe7 8.d4 O-O
9.Bd3 dxc4 10.bxc4 e5 11.O-O exd4 12.exd4 Re8 13.Rfe1 Qd8 14.Rxe8+ Qxe8 15.Re1 Qd8
16.c5 Bf8 17.Bc4 b5 18.Bd3 h6 19.g3 a5 20.Nh4 Nb8 21.Ne4 Nd5 22.Qd2 Be6 23.Bb1 Nd7
24.Nc3 N7f6 25.Ng6 Qc7 26.Nxf8 Rxf8 27.Ne4 Nxe4 28.Bxe4 a4 29.a3 Rd8 30.Bc3 Nxc3
31.Qxc3 Qd7 32.Rd1 Bd5 33.Bxd5 Qxd5 34.Qe3 Kf8 35.f3 Re8 36.Qd3  1/2-1/2

[Event "132nd ch-New York State"]
[Site "Colonie USA"]
[Date "2010.09.04"]
[Round "2"]
[White "Bonin,J"]
[Black "Pressman,L"]
[Result "1/2-1/2"]
[WhiteElo "2317"]
[BlackElo "2116"]

1.Nf3 d5 2.c4 c6 3.Qa4 Nf6 4.cxd5 b5 5.Qb3 Qxd5 6.Qd1 g6 7.g3 Bg7 8.Bg2 O-O
9.Nc3 Qd8 10.O-O b4 11.Na4 e5 12.d4 e4 13.Ng5 Bf5 14.Nc5 Qe7 15.f3 exf3 16.Bxf3 Be6
17.e3 Ne8  1/2-1/2

[Event "7th Malaysia Open"]
[Site "Kuala Lumpur MAS"]
[Date "2010.09.04"]
[Round "6"]
[White "Capel,E"]
[Black "Wang Li"]
[Result "0-1"]
[WhiteElo "2030"]
[BlackElo "2391"]

1.Nf3 d5 2.c4 e6 3.g3 Nf6 4.Bg2 dxc4 5.Qa4+ Nbd7 6.O-O a6 7.Qxc4 b5 8.Qc2 Bb7
9.d4 c5 10.Nc3 Rc8 11.dxc5 Bxc5 12.Qd3 O-O 13.a3 Qe7 14.Be3 Rfd8 15.Rad1 Bb6
16.Bxb6 Nxb6 17.Qb1 Nc4 18.Rxd8+ Qxd8 19.Rd1 Qb6 20.Qc2 Ng4 21.Nd4 Bxg2 22.Kxg2 Nce3+
23.fxe3 Nxe3+ 24.Kh1 Nxc2 25.Nxc2 Rd8  0-1

[Event "7th Malaysia Open"]
[Site "Kuala Lumpur MAS"]
[Date "2010.09.04"]
[Round "6"]
[White "Nguyen Van Huy"]
[Black "Xu Jun"]
[Result "1/2-1/2"]
[WhiteElo "2429"]
[BlackElo "2507"]

1.Nf3 d5 2.c4 d4 3.g3 Nc6 4.Bg2 e5 5.d3 Bb4+ 6.Bd2 a5 7.O-O Nf6 8.Na3 h6
9.Nc2 Be7 10.a3 Bf5 11.b4 Qd6 12.b5 Nd8 13.Qe1 c5 14.Bxa5 e4 15.dxe4 Bxe4
16.Bxd8 Bxd8 17.Qd1 Ba5 18.Nce1 O-O 19.Nd3 Rfe8 20.Ra2 b6 21.Qb3 Ra7 22.Rd1 Bh7
23.Nb4 Be4 24.e3 Rae7 25.Nc6 Bxc6 26.bxc6 Ne4 27.Rd3 Qxc6 28.exd4 cxd4 29.Nxd4 Qf6
30.Bxe4 Rxe4 31.Nf3 Qc6 32.Rc2 Rc8 33.Rd4 Rxd4 34.Nxd4 Qc5 35.Nb5 Rd8 36.Qf3 Bd2
37.Kg2 Bg5 38.Qe4 Bf6 39.Re2 g6 40.Rc2 Kg7 41.Qf3 Rd7 42.Qe4 h5 43.h4 Rd1
44.Qf3 Rd7 45.Qe4  1/2-1/2

[Event "12th Open"]
[Site "Trieste ITA"]
[Date "2010.09.04"]
[Round "1"]
[White "Archangelsky,M"]
[Black "Walta,P"]
[Result "1-0"]
[WhiteElo "2212"]
[BlackElo "1846"]

1.Nf3 d5 2.c4 dxc4 3.e3 b5 4.a4 c6 5.axb5 cxb5 6.Nd4 Qb6 7.Nc3 Bb7 8.Ndxb5 e5
9.Bxc4 Bxg2 10.Rg1 Bc6 11.Qh5 Nd7 12.Qxf7+ Kd8 13.Nd5 Bxd5 14.Qxd5 Rc8 15.Nxa7 Nf6
16.Nxc8 Kxc8 17.Qa8+ Nb8 18.b3 Ne8 19.Bb2 Bd6 20.Ra6 Qc7 21.Ra7 Qc6 22.Be6+  1-0

[Event "5th XtraCon Open"]
[Site "Borup DEN"]
[Date "2010.09.05"]
[Round "4"]
[White "Akdag,D"]
[Black "Molvig,Julius"]
[Result "1-0"]
[WhiteElo "2171"]
[BlackElo "1801"]

1.Nf3 d5 2.c4 e6 3.g3 Nf6 4.Bg2 Be7 5.O-O O-O 6.b3 c5 7.d3 Nc6 8.Nbd2 Qc7
9.Bb2 Rd8 10.Rc1 b6 11.Qc2 Nb4 12.Qb1 Bb7 13.cxd5 exd5 14.d4 Nc6 15.dxc5 bxc5
16.Nh4 Ne5 17.Nf5 Ng6 18.Nxe7+ Qxe7 19.Bxf6 gxf6 20.Rfe1 Rac8 21.Qf5 Qe5
22.Bh3 Rc7 23.Nf3 Qxf5 24.Bxf5 d4 25.Nd2 Ne5 26.Ne4 Bxe4 27.Bxe4 c4 28.bxc4 Rxc4
29.Rxc4 Nxc4 30.Rc1 Nd6 31.Bd3 Rc8 32.Rb1 a5 33.Kg2 Kg7 34.Rb6 Ne8 35.Rb5 Ra8
36.Rd5 Nc7 37.Rxd4 h5 38.Rd7 Ne6 39.Bc4 Kg6 40.h4 Rc8 41.Bd3+ Kg7 42.Rd5 Rc5
43.Rxc5 Nxc5 44.Kf3 Nxd3 45.exd3 f5 46.Kf4 Kf6 47.d4 a4 48.d5 a3 49.f3 Ke7
50.Kxf5 Kd6 51.Ke4 Kc5 52.g4 Kb4 53.d6 Kc3 54.d7 Kb2 55.d8=Q Kxa2 56.Kd3 Ka1
57.Kc3 Kb1 58.Qd2 hxg4 59.Kb3  1-0

[Event "4th BATB Open"]
[Site "Lloydminster CAN"]
[Date "2010.09.05"]
[Round "5"]
[White "Teplitsky,Y"]
[Black "Rekhson,V"]
[Result "1-0"]
[WhiteElo "2448"]
[BlackElo "2061"]

1.Nf3 d5 2.c4 e6 3.g3 dxc4 4.Qa4+ Bd7 5.Qxc4 Bc6 6.Bg2 Nf6 7.O-O Nbd7 8.d4 Nb6
9.Qc2 Be7 10.Nc3 Nbd5 11.Ne5 Nb4 12.Bxc6+ Nxc6 13.Nxc6 bxc6 14.Rd1 O-O 15.Bg5 Nd5
16.Bxe7 Nxe7 17.Rac1 Qd6 18.b3 Rfd8 19.Ne4 Qd5 20.Nc5 Qf5 21.Qxf5 Nxf5 22.e3 Ne7
23.Na6 Rd7 24.Rc5 Kf8 25.Rdc1 Ke8 26.Nb4 Rb8 27.Nxc6 Nxc6 28.Rxc6 Kd8 29.Ra6 Rb7
30.Rc5 Rd6 31.Rca5 Rxa6 32.Rxa6 Kc8 33.Kf1 Kb8 34.Ra5 Rb6 35.Ke2 Kb7 36.Kd3 Rc6
37.Rc5 Rd6 38.Rg5 g6 39.Rb5+ Kc6 40.Rc5+ Kb7 41.g4 f6 42.f4 Rd8 43.h3 Rd7
44.Ke4 Rd8 45.g5 f5+ 46.Ke5 Rf8 47.Rc3 Re8 48.Kf6  1-0

[Event "7th LGA Premium Cup"]
[Site "Nuremberg GER"]
[Date "2010.09.05"]
[Round "6"]
[White "Fedorovsky,M"]
[Black "Boguslavskyy,O"]
[Result "1/2-1/2"]
[WhiteElo "2411"]
[BlackElo "2485"]

1.Nf3 d5 2.c4 c6 3.e3 Nf6 4.Nc3 a6 5.b3 Bg4 6.h3 Bh5 7.g4 Bg6 8.Ne5 Nbd7
9.Nxg6 hxg6 10.g5 Ng8 11.cxd5 cxd5 12.Nxd5 e6 13.Nc3 Qxg5 14.Qf3 Rb8 15.Bb2 Ngf6
16.O-O-O Qa5 17.Kb1 Ba3 18.Bg2 Bxb2 19.Kxb2 b5 20.d4 O-O 21.Qe2 Rfc8 22.Rc1 Nb6
23.Qd2 Nfd5 24.Bxd5 exd5 25.Ne4 b4 26.Rxc8+ Nxc8 27.Nc5  1/2-1/2

[Event "7th LGA Premium Cup"]
[Site "Nuremberg GER"]
[Date "2010.09.05"]
[Round "6"]
[White "Walter,Man"]
[Black "Knapp,M"]
[Result "1/2-1/2"]
[WhiteElo "1825"]
[BlackElo "1989"]

1.Nf3 d5 2.c4 d4 3.g3 c5 4.Bg2 Nc6 5.O-O Nf6 6.d3 e5 7.e3 Be7 8.exd4 exd4
9.Re1 O-O 10.Ne5 Nxe5 11.Rxe5 Bd6 12.Re1 Rb8 13.Nd2 Bd7 14.Ne4 Nxe4 15.Bxe4  1/2-1/2

[Event "7th LGA Premium Cup"]
[Site "Nuremberg GER"]
[Date "2010.09.05"]
[Round "6"]
[White "Lange,Ca"]
[Black "Nabavi,P"]
[Result "0-1"]
[WhiteElo "2062"]
[BlackElo "2203"]

1.Nf3 d5 2.c4 e6 3.g3 Nf6 4.Bg2 Be7 5.O-O O-O 6.b3 b6 7.Bb2 Bb7 8.e3 c5 9.Nc3 Nbd7
10.Qe2 Rc8 11.Rfd1 Qc7 12.Rac1 Qb8 13.cxd5 Nxd5 14.d4 Qa8 15.Ne1 Nxc3 16.Bxc3 cxd4
17.Bxd4 Bf6 18.Rxc8 Rxc8 19.Bxf6 Nxf6 20.Bxb7 Qxb7 21.f3 Nd5 22.Qd2 Qc7 23.Nd3 Qe7
24.e4 Nc3 25.Rc1 Qd7 26.Rc2 Qd4+ 27.Kf1 Kf8 28.Ne1 Qc5 29.Nd3 Qc7 30.Nc1 Nxe4
31.Qb4+ Nc5 32.Nd3 Qd6 33.Qc4 Rc7 34.Nxc5 Qd1+  0-1

[Event "12th Open"]
[Site "Trieste ITA"]
[Date "2010.09.05"]
[Round "3"]
[White "Archangelsky,M"]
[Black "Mocchi,T"]
[Result "0-1"]
[WhiteElo "2212"]
[BlackElo "2248"]

1.Nf3 d5 2.c4 c6 3.e3 Nf6 4.Nc3 e6 5.b3 Bd6 6.Bb2 Nbd7 7.Qc2 a6 8.d4 Qe7
9.Be2 O-O 10.O-O Re8 11.e4 dxe4 12.Nxe4 Nxe4 13.Qxe4 e5 14.Bd3 f5 15.Qxf5 e4
16.c5 Nxc5 17.Bc4+ Kh8 18.Qh5 Ne6 19.Ne5 Bxe5 20.dxe5 Nf4 21.Qf7 Qxf7 22.Bxf7 Re7
23.Bc4 b5 24.Rfd1 Bg4 25.f3 Bh5 26.Bf1 exf3 27.gxf3 Bxf3 28.Rd2 Bd5 29.Rf2 Ng6
30.Re1 Rae8 31.Bg2 Bxg2 32.Kxg2 h6 33.Rc1 Re6 34.Rfc2 Nf4+ 35.Kg3 Nd3 36.Rd1 Nxb2
37.Rxb2 Rxe5 38.Rd6 R5e6 39.Rxe6 Rxe6 40.Rd2 c5 41.Rc2 Rc6 42.Rc3 g5 43.Kf3 c4
44.bxc4 Rxc4 45.Ra3 Ra4 46.Rc3 Rxa2 47.Kg4 Kg7 48.Rc7+ Kf8 49.h3 Ra4+ 50.Kf5 Rc4
51.Ra7 Rc6 52.Ke5 Kg8 53.Kd5 Rb6 54.Kc5 Rg6 55.Ra8+ Kf7 56.Ra7+ Ke8 57.Ra8+ Kd7
58.Ra7+ Kc8 59.Rh7 Rf6 60.Kb4 Kd8 61.Ka5 Ke8 62.Rb7 Kf8 63.Rh7 Kg8 64.Ra7 h5
65.Rd7 Rg6  0-1

[Event "7th Malaysia Open"]
[Site "Kuala Lumpur MAS"]
[Date "2010.09.06"]
[Round "8"]
[White "Capel,E"]
[Black "Yee Soon Wei"]
[Result "1/2-1/2"]
[WhiteElo "2030"]
[BlackElo "2303"]

1.Nf3 d5 2.c4 c6 3.b3 Nf6 4.g3 Bf5 5.Bg2 e6 6.O-O Be7 7.d4 O-O 8.Bb2 Nbd7
9.Nbd2 Ne4 10.Rc1 a5 11.Nxe4 Bxe4 12.Nd2 Bxg2 13.Kxg2 f5 14.e3 a4 15.f3 axb3
16.axb3 Ra2 17.Bc3 Bg5 18.f4 Be7 19.Ra1 Qa8 20.Qb1 Rxa1 21.Qxa1 b5 22.c5 Qb7
23.b4 Nf6 24.Qb2 Ng4 25.Re1 Ra8 26.h3 Nf6 27.Ra1 Ra6 28.Kf3 Ne4 29.Nxe4 dxe4+
30.Kf2 Bf6 31.Ra5  1/2-1/2

[Event "7th Malaysia Open"]
[Site "Kuala Lumpur MAS"]
[Date "2010.09.06"]
[Round "8"]
[White "Nguyen Van Huy"]
[Black "Wang Li"]
[Result "1-0"]
[WhiteElo "2429"]
[BlackElo "2391"]

1.Nf3 d5 2.c4 e6 3.g3 Nf6 4.Bg2 dxc4 5.Qa4+ Nbd7 6.Qxc4 a6 7.Qb3 c5 8.a4 Rb8
9.d3 Bd6 10.a5 O-O 11.Nbd2 b5 12.axb6 Nxb6 13.O-O Bb7 14.Nc4 Bd5 15.Qc3 Nxc4
16.dxc4 Bb7 17.Rd1 Qb6 18.Qa5 Qxa5 19.Rxa5 Bc7 20.Ra1 Rfc8 21.Ne1 Bxg2 22.Kxg2 a5
23.Nd3 Nd7 24.Ra3 Kf8 25.f4 Ke8 26.Bd2 Ra8 27.Rda1 Nb6 28.Rxa5 Rxa5 29.Bxa5 Nxc4
30.Bxc7 Rxc7 31.Rc1 Ne3+ 32.Kf3 Nd5 33.Rxc5 Rb7 34.Rc4 Rb3 35.Ke4 f5+ 36.Kd4 Ke7
37.Rc6 Kf7 38.Kc4 Rb8 39.b4 Ra8 40.Nc5 Ne3+ 41.Kb3 Nf1 42.b5 Nxh2 43.b6 Nf1
44.Rc7+ Kg6 45.b7 Rb8 46.Nd7 Rxb7+ 47.Rxb7 Nxg3 48.Ne5+ Kh5 49.e3 Nf1 50.Nc4 Kg6
51.Kc3 h5 52.Ne5+ Kh6 53.Kd3 Ng3 54.Nf3  1-0

[Event "12th Open"]
[Site "Trieste ITA"]
[Date "2010.09.08"]
[Round "6"]
[White "Srebrnic,V"]
[Black "Pomaro,A"]
[Result "0-1"]
[WhiteElo "2178"]
[BlackElo "2362"]

1.Nf3 d5 2.c4 e6 3.d4 c6 4.Qc2 dxc4 5.Qxc4 Nf6 6.Nc3 b5 7.Qd3 b4 8.Ne4 Nbd7
9.Nxf6+ Nxf6 10.e4 Be7 11.Be2 O-O 12.O-O Bb7 13.e5 Nd5 14.Be3 a5 15.Rac1 a4
16.Qc2 Ra5 17.Bd3 h6 18.Qe2 Nxe3 19.Qxe3 Qd5 20.Qe4 Qxe4 21.Bxe4 Ba6 22.Rfe1 c5
23.d5 exd5 24.Bxd5 Rd8 25.Bc4 Bxc4 26.Rxc4 Ra6 27.Kf1 Re6 28.Rce4 f5 29.Rc4 Rd5
30.b3 axb3 31.axb3 Rd3 32.Rb1 Ra6 33.Ke2 Rd5 34.Rd1 Ra2+ 35.Rd2 Raxd2+ 36.Nxd2 Rxe5+
37.Kd1 Kf7 38.Rc2 Re6 39.Ra2 Bf6 40.Nc4 Bc3 41.Re2 Ra6 42.Kc2 f4 43.f3 Kf6
44.Kd3 Kf5 45.Re8 g5 46.g4+ fxg3 47.hxg3 h5 48.Ne3+ Kg6 49.Rg8+ Bg7 50.Rc8 Rd6+
51.Ke2 Bd4 52.Nc4 Re6+ 53.Kf1 h4 54.Kg2 Re1 55.Rc6+ Kf5 56.Nd6+ Ke6 57.Nb5+ Ke5
58.Nc7 Rg1+ 59.Kh2 Rxg3  0-1